LEADER 01190nam a2200241 u 4500 001 000000089190 003 CaOOAMICUS 005 20070226124606.0 008 051114s1956 it af u000 u ita u 035 $a11068398 040 $aPUL(R)$bita 110 2 $aScholè (Organization).$bConvegno$n(2 :$d1955 :$cBrescia).$0(OLS)http://pul/name/57836 245 12$aL'attivismo pedagogico :$b[atti del II convegno di Scholé, Brescia, 9-10-11 settembre 1955] /$cAgazzi ... [et al.]. 260 $aBrescia :$bLa Scuola,$c1956. 300 $a358 p., [1] c. di tav. :$bill. ;$c25 cm 650 4$aAttivismo pedagogico.$0(OLS)http://pul/subject/29267 700 1 $aAgazzi, Aldo.$0(OLS)http://pul/name/11571 710 2 $aCentro di studi pedagogici fra docenti universitari cristiani.$0(OLS)http://pul/name/57837 850 $aPUL 852 $aPUL$W1$xDP1 Fondo Pastorale$y55$mP10 A 2$j112815$nBK-PRI$b $qFondi$B112815$CPULBib$Z2$F112815 $HPUL21 $81 941 1 $a1 996 $6245$aL'attivismo pedagogico :$b[atti del II convegno di Scholé, Brescia, 9-10-11 settembre 1955]$9(OLS)http://pul/title/115196 996 $6260$aBrescia :$bLa Scuola$9(OLS)http://pul/publisher/48404 LEADER 02008nam a2200349 u 4500 001 000000053427 003 CaOOAMICUS 005 20070226115547.0 008 001115s2000 it u000 u ger u 035 $a10861321 040 $aPUL$bita 100 1 $aRiedel-Spangenberger, Ilona-Ursula.$0(OLS)http://pul/name/38027 245 14$aDie Sakramente der Initiation in der kirchlichen Rechtsordnung :$beine Untersuchung zur ekklesialen und rechtlichen Bedeutung von Taufe, Firmung und Eucharistie in den Dokumenten des Zweiten Vatikanischen Konzils und in der nachfolgenden Rechtsentwicklung /$cIlona-Ursula Riedel-Spangenberger. 260 $aRoma :$b[s.n.],$c2000. 300 $a110 p. ;$c24 cm 490 1 $aUniversità pontificia salesiana. Facoltà di diritto canonico. Tesi di dottorato ;$vn. 435 500 $aEstratto di Diss. -- Pontificia Università salesiana. 504 $a"Literaturverzeichnis": p. 95-105. 650 4$aEucaristia.$0(OLS)http://pul/subject/1539 710 2 $aPontificia Università Salesiana.$0(OLS)http://pul/name/7805 830 0$aTesi di dottorato (Pontificia Università salesiana. Facoltà di diritto canonico) ;$vn. 435.$0(OLS)http://pul/title/69518 850 $aPUL 852 $aPUL$W1$xDP1 Tesi Pon. Univ. Salesiana$y46$mTH SAL 435$j70499$nBK-PRI$b $qTesi$B70499$CPULBib$Z2$F70499 $H $81 910 $aPontificio Ateneo Salesiano$97805 910 $aPontificio Ateneo Salesiano$97805 910 $aUniversità Pontificia Salesiana$97805 941 1 $a16 960 $aEucarestia$91539 960 $aComunione (sacramento)$91539 961 $aINV: 82745 996 $6245$aDie Sakramente der Initiation in der kirchlichen Rechtsordnung :$beine Untersuchung zur ekklesialen und rechtlichen Bedeutung von Taufe, Firmung und Eucharistie in den Dokumenten des Zweiten Vatikanischen Konzils und in der nachfolgenden Rechtsentwicklung$9(OLS)http://pul/title/71684 996 $6260$aRoma :$b[s.n.]$9(OLS)http://pul/publisher/47958 LEADER 01235nam a2200265 u 4500 001 000000070436 003 CaOOAMICUS 005 20070226122024.0 008 020507s1949 it u000 u ita u 035 $a10928953 040 $aPUL(R)$bita 245 03$aLa sovranità del popolo esaminata nel tribunale della ragione e della fede (Aprile 1849) 260 $aModena :$bper gli eredi Soliani,$c[1849] 300 $a166 p. ;$c20 cm 500 $a"Estratto dal tomo ix della Serie Terza delle Memorie di religione di morale e di letteratura". 504 $aBibliografia in nota. 650 4$aDemocrazia.$0(OLS)http://pul/subject/11947 650 4$aFede e ragione.$0(OLS)http://pul/subject/3185 650 4$aFilosofia politica$xCritica e interpretazione.$0(OLS)http://pul/subject/25216 850 $aPUL 852 $aPUL$W1$xDP1 Cons. Gen., Altre Classi 1$y22$m791 A 7$j91145$nBK-PRI$b $qStampati$B91145$CPULBib$Z2$F91145 $H $81 941 1 $a8 960 $aRagione e fede$93185 996 $6245$aLa sovranità del popolo esaminata nel tribunale della ragione e della fede (Aprile 1849)$9(OLS)http://pul/title/92859 996 $6260$aModena :$bper gli eredi Soliani$9(OLS)http://pul/publisher/53925